Boroughs of New York City - Statistics

General Stats
  • This quiz has been taken 120 times
  • The average score is 5 of 5
Answer Stats
Borough % Correct
Manhattan
98%
Queens
96%
Brooklyn
95%
The Bronx
92%
Staten Island
81%
No matching quizzes found
Score Distribution
Percent of People with Each Score
Percentile by Number Answered
Your Score History
You have not taken this quiz